000 00497nam a2200181Ia 4500
999 _c14373
_d14373
003 OSt
005 20201020100614.0
008 190216s9999||||xx |||||||||||||| ||und||
020 _a9788183700870
040 _coclc
082 _a211
_bSET/M
100 _aSetty, E D
_95927
245 0 _aMan In Search Of God /
_cE D Setty
260 _bAkansha Publishing House ,
_c2008.
_aNew Delhi:
300 _a329p
650 _aEnglish
942 _cBK
_2ddc
_h211
_iSET/M
_k211
_mSET/M